Libro de las bellas artes. (Record no. 35444)
[ view plain ]
| 000 -CABECERA | |
|---|---|
| campo de control de longitud fija | 00902nam a2200181 a 4500 |
| 001 - NÚMERO DE CONTROL | |
| campo de control | 000035953 |
| 005 - FECHA Y HORA DE LA ÚLTIMA TRANSACCIÓN | |
| campo de control | 20210629083419.0 |
| 008 - DATOS DE LONGITUD FIJA--INFORMACIÓN GENERAL | |
| campo de control de longitud fija | 111121s1998 dr 000 0 spa d |
| 040 ## - FUENTE DE LA CATALOGACIÓN | |
| Centro catalogador/agencia de origen | DO-SdBNP |
| Lengua de catalogación | spa |
| Centro/agencia transcriptor | BNPHU |
| 245 00 - MENCIÓN DE TÍTULO | |
| Título | Libro de las bellas artes. |
| 246 14 - FORMA VARIANTE DE TÍTULO | |
| Título propio/Titulo breve | El libro de las bellas artes |
| 260 ## - PUBLICACIÓN, DISTRIBUCIÓN, ETC. | |
| Lugar de publicación, distribución, etc. | Santo Domingo : |
| Nombre del editor, distribuidor, etc. | Secretaría de Estado de Cultura, Dirección General de Bellas Artes, |
| -- | Universidad Autónoma de Santo Domingo, |
| Fecha de publicación, distribución, etc. | 1998. |
| 300 ## - DESCRIPCIÓN FÍSICA | |
| Extensión | 286 p. : |
| Otras características físicas | il., mús., retrs. ; |
| Dimensiones | 27 cm. |
| 490 1# - MENCIÓN DE SERIE | |
| Mención de serie | Publicación de la Universidad Autónoma de Santo Domingo |
| Designación de volumen o secuencia | 106 |
| 500 ## - NOTA GENERAL | |
| Nota general | Dirección del Sistema Nacional de Escuelas de Bellas Artes, Dirección Nacional de Artes Visuales, Dirección Nacional de Drama, Dirección Nacional de Música, Dirección Nacional de Danza. |
| 500 ## - NOTA GENERAL | |
| Nota general | Texto a dos columnas |
| 830 ## - PUNTO DE ACCESO ADICIONAL DE SERIE-TÍTULO UNIFORME | |
| Título uniforme | Publiacaciones de la Universidad Autónoma de Santo Domingo |
| Designación de volumen o secuencia | 106 |
| 9 (RLIN) | 56533 |
| Estado de retiro | Estado de pérdida | No para préstamo | Código de colección | Localización permanente | Ubicación/localización actual | Ubicación en estantería | Fecha de adquisición | Número de inventario | Total de préstamos | Signatura topográfica completa | Código de barras | Fecha visto por última vez | Precio válido a partir de | Tipo de ítem Koha | Número de copia |
|---|---|---|---|---|---|---|---|---|---|---|---|---|---|---|---|
| Excluido de préstamo | Patrimonio Dominicano | Patrimonio Dominicano | Patrimonio Dominicano | Depósito | 21.11.2011 | LF1 | 35953-10 | 25.06.2020 | 25.06.2020 | Libro y Folleto Colección Patrimonio Dominicano | |||||
| Excluido de préstamo | Patrimonio Dominicano | Patrimonio Dominicano | Patrimonio Dominicano | Depósito | 04.10.2012 | LF1 | 35953-20 | 25.06.2020 | 25.06.2020 | Libro y Folleto Colección Patrimonio Dominicano | e. 2 |
